000 00222pam a2200109 a 4500
020 _c
041 _aeng
245 _aBarry Pen
_hTextual Documents
260 _a[s.l]:
_bGeorge G Harraps
300 _a254p.
930 _a15236
999 _c92136
_d92136